[Event "Antofagasta Zicosur op 4th"]
[Site "Antofagasta"]
[Date "2019.01.06"]
[Round "3"]
[White "Castaneda Martinez, Ruben"]
[Black "Garmendia Vega, Lucas"]
[Result "1-0"]
[WhiteElo "1803"]
[BlackElo "1322"]
[PlyCount "57"]
[EventDate "2019.01.04"]
[EventType "swiss"]
[EventRounds "10"]
[EventCountry "CHI"]
[SourceTitle "CBM 190 Extra"]
[Source "ChessBase"]
[SourceDate "2019.07.15"]
[SourceVersion "1"]
[SourceVersionDate "2019.07.15"]
[SourceQuality "1"]

1. Nf3 f5 2. c4 g6 3. Nc3 Bg7 4. d3 Nf6 5. Bf4 0-0 6. e3 d6 7. h3 Bd7 8. b4 Qe8 9. Be2 c6 10. 0-0 Nh5 11. Bh2 e5 12. Qb3 Kh8 13. a4 f4 14. exf4 exf4 15. Ne4 Bf5 16. Nxd6 Qe6 17. Rad1 h6 18. d4 Bxh3 19. gxh3 Qxh3 20. Nd2 Qxb3 21. Nxb3 f3 22. Bd3 b6 23. c5 Nd7 24. Ba6 bxc5 25. Nxc5 Nxc5 26. bxc5 Nf4 27. Rb1 Rab8 28. Rxb8 Rxb8 29. Bc4 1-0

[Event "Antofagasta Zicosur op 2nd"]
[Site "Antofagasta"]
[Date "2016.01.06"]
[Round "2"]
[White "Aguilar, Pedro"]
[Black "Garmendia Vega, Lucas"]
[Result "1-0"]
[WhiteElo "1877"]
[BlackElo "1468"]
[PlyCount "37"]
[EventDate "2016.01.05"]
[EventType "swiss"]
[EventRounds "9"]
[EventCountry "CHI"]
[SourceTitle "CBM 170 Extra"]
[Source "ChessBase"]
[SourceDate "2016.02.25"]
[SourceVersion "1"]
[SourceVersionDate "2016.02.25"]
[SourceQuality "1"]

1. e4 c5 2. Nc3 d6 3. Nf3 Nf6 4. Bc4 g6 5. e5 Nfd7 6. exd6 exd6 7. 0-0 Bg7 8. Re1+ Ne5 9. Nxe5 Bxe5 10. f4 Be6 11. Bb5+ Nd7 12. fxe5 0-0 13. exd6 a6 14. Bxd7 Qxd7 15. Ne4 Qc6 16. d4 cxd4 17. Qxd4 Rfd8 18. Nf6+ Kf8 19. Bh6# 1-0